000 00999nam a2200277Ia 4500
001 Para_10123
003 CHAP
008 220125sSept xx 000 0 und d
010 _a208815
040 _cCHAP
090 _aPA CD - TESIS 201
100 _aCristobal Martínez, Ana Luisa
_928992
245 _aEfecto de densidad de siembra de dos especies de cobertura viva sobre el control de la maleza /
_c Ana Luisa Cristobal Martínez; Director Juan Lorenzo Medina Pitalua
260 _aChapingo, Méx. :
_b el autor
300 _a1 CDS ROM (53 p.)
502 _aTesis (Ing. Agr. Esp. en Parasitología Agrícola). UACh. Departamento Parasitología Agrícola
700 _aMedina Pitalúa, Juan Lorenzo. Director
_9175145
710 _aUACh. Departamento Parasitología Agrícola
_9164025
901 _aPA CD - TESIS 201
902 _aM
905 _a513220Septiembre,2012 anm 8100000000 06
910 _aSept
942 _cPARA
942 _cPARA
_d2
999 _c208815
_d208815